• 首页
  • 本馆介绍
  • 公告通知
  • 最新文献
  • 馆藏检索
  • 电子资源
  • 读者导购
  • 参考咨询
  • 我的图书馆
  • 登录
  • 详细信息显示
  • 放入我的书架
  • 预约/预借图书
  • 作者相关作品
  • 分类相关作品
  • 丛书相关作品
  • 出版社相关作品

书目信息

  • 表格格式
  • 工作单格式
  • 卡片格式
题名:
明诗三百首
    
 
作者: 金性尧 选注
分册:  
出版信息: 上海   上海古籍出版社  1995
页数: 482页
开本: 20cm
丛书名:
单 册:
中图分类: I222.748
科图分类:
主题词: 诗歌--中国 , 韵文--中国
电子资源:
ISBN: 7-5325-1779-9
000 00575nam0 2200205 45
001 0404190876
005 20040419085931.4
010    @a7-5325-1779-9@b精装@dCNY16.60
100    @a20040419d1995 km y0chiy0120 ea
101 0  @achi
105    @a z 000gy
200 1  @a明诗三百首@AMing Shi San Bai Shou@f金性尧选注@FJin Xing Yao Xuan Zhu
210    @a上海@c上海古籍出版社@d1995
215    @a482页@d20cm
606 0  @a诗歌@x中国
606 0  @a韵文@x中国
690    @aI222.748@v3
701  0 @a金性尧@4选注
801    @aCN@bTSTCL@c20040419
905    @f2@b264859-860@dI222.748@e407
    
    明诗三百首/金性尧选注.-上海:上海古籍出版社,1995
    482页;20cm
    
    
    ISBN 7-5325-1779-9(精装):CNY16.60
    
●
相关链接 在E读中查询图书 在五车中查询图书 在当当中查询图书 在豆瓣中查询图书


正题名:明诗三百首     索取号:I222.748/407         预约/预借

序号 登录号 条形码 馆藏地/架位号 状态 备注
1 0264858   000750814   第一样本阅览室/ [索取号:I222.748/407] 在馆    
2 0264859   000750823   第二借阅区/ [索取号:I222.748/407] 在馆    
3 0264860   000750805   第二借阅区/ [索取号:I222.748/407] 在馆    
唐山师范学院图书馆 欢迎您!
大连网信软件有限公司© 版权所有